Đảng lãnh đạo công tác tư tưởng trong thời kì đổi mới

Giới thiệu tình hình mới, yêu cầu mới đối với công tác tư tưởng và sự lãnh đạo của Đảng trên lĩnh vực tư tưởng. Phân tích quá trình Đảng lãnh đạo công tác tư tưởng trong thời kì đổi mới. Chỉ ra phương hướng, nhiệm vụ và giải pháp...

সম্পূর্ণ বিবরণ

সংরক্ষণ করুন:
গ্রন্থ-পঞ্জীর বিবরন
প্রধান লেখক: Nguyễn, Danh Tiên
বিন্যাস: গ্রন্থ
ভাষা:Undetermined
প্রকাশিত: Hà Nội Chính trị Quốc gia 2010
বিষয়গুলি:
ট্যাগগুলো: ট্যাগ যুক্ত করুন
কোনো ট্যাগ নেই, প্রথমজন হিসাবে ট্যাগ করুন!
Thư viện lưu trữ: Trung tâm Học liệu Trường Đại học Cần Thơ
LEADER 01203nam a2200217Ia 4500
001 CTU_173897
008 210402s9999 xx 000 0 und d
020 |c 36000 
082 |a 324.2597 
082 |b T305 
100 |a Nguyễn, Danh Tiên 
245 0 |a Đảng lãnh đạo công tác tư tưởng trong thời kì đổi mới 
245 0 |c Nguyễn Danh Tiên chủ biên 
260 |a Hà Nội 
260 |b Chính trị Quốc gia 
260 |c 2010 
520 |a Giới thiệu tình hình mới, yêu cầu mới đối với công tác tư tưởng và sự lãnh đạo của Đảng trên lĩnh vực tư tưởng. Phân tích quá trình Đảng lãnh đạo công tác tư tưởng trong thời kì đổi mới. Chỉ ra phương hướng, nhiệm vụ và giải pháp nâng cao sự lãnh đạo của Đảng đối với công tác tư tưởng trong tình hình hiện nay. 
650 |a Communist Party,Đảng Cộng sản 
650 |z Vietnam,Việt Nam 
904 |i Nguyễn Trung Hiếu, Hải 
980 |a Trung tâm Học liệu Trường Đại học Cần Thơ